Countries But All Vowels Are E - Statistics

General Stats
  • This quiz has been taken 20 times
  • The average score is 17 of 20
Answer Stats
Hent Enswer % Correct
Chene China
93%
Germene Germany
93%
Merecce Morocco
93%
Speen Spain
93%
Eneted Stetes United States
93%
Betswene Botswana
87%
Berende Burundi
87%
Cenede Canada
87%
Kerebete Kiribati
87%
Nemebee Namibia
87%
Pelee Palau
87%
Pepee New Geenee Papua New Guinea
87%
Seeth Efrece South Africa
87%
Zembee Zambia
87%
Meenmer Myanmar
80%
Peregeee Paraguay
80%
Eemen Yemen
80%
Eestrelee Australia
73%
Cemeres Comoros
73%
Meleesee Malaysia
73%
No matching quizzes found
Score Distribution
Percent of People with Each Score
Percentile by Number Answered
Your Score History
You have not taken this quiz